000
00299nam a2200133Ia 4500
005
20250423094800.0
008
250422s9999 xx 000 0 und d
020
_a
1- 4196- 7965- 1
100
_a
Keith R. Wander
245
0
_a
Codename honey pot
260
_c
2007
300
_a
240 p
942
_c
BK
999
_c
28279
_d
28279